000 00468nam a2200169 i 4500
001 140787
003 ES-MaACL
005 20240516063050.0
007 t|
008 070917s1906 xxk ||||1| eng d
100 0 _aWells, H. G.,
_d1866-1946
_9116458
245 1 0 _aTales of space and time /
_cH. G. Wells.
260 _aLondon :
_bMacmillan and CÂș.,
_c1906.
300 _a358 p. ;
_c20 cm.
852 _aES-MaACL
_jF-2409
999 _c140787
_d140787